| 000 | 00855nam a2200229 i 4500 | ||
|---|---|---|---|
| 001 | 130068 | ||
| 003 | ES-MaACL | ||
| 005 | 20250724015104.0 | ||
| 007 | t| | ||
| 008 | 070717s1797 sp f |||| | spa d | ||
| 100 | 1 |
_aSolano de Luque, Francisco. _9107086 |
|
| 245 | 1 | 0 |
_aObservaciones sobre el pulso / _cobra póstuma del Doctor Don Francisco Solano de Luque... |
| 250 | _a2ª ed. | ||
| 260 |
_aMadrid : _bImprenta Real, _c1797. |
||
| 300 |
_a[40], 356 p., 2 h. de grab. ; _c21 cm. |
||
| 500 | _aLas 2 láminas corresponden al retrato del autor repetido. | ||
| 530 | _aDisponible en formato digital. | ||
| 650 | 0 | 4 |
_aMedicina- _vObras anteriores a 1800 _914912 |
| 852 | 4 |
_a _j BA R-1393 _x Olim: G-14566 |
|
| 856 |
_uhttp://bdh-rd.bne.es/viewer.vm?id=0000121839&page=1 _zBiblioteca Digital Hispánica |
||
| 999 |
_c130068 _d130068 |
||